企業買収戦略 : M&Aによる新しい企業成長: Merger & acquisition

Sparad:
Bibliografiska uppgifter
Huvudupphovsman: 竹中征夫(たけなか ゆくお)
Materialtyp: Bok
Språk:Undetermined
Publicerad: 東京 ダイヤモンド社 1987
Ämnen:
Taggar: Lägg till en tagg
Inga taggar, Lägg till första taggen!
Thư viện lưu trữ: Trung tâm Học liệu Trường Đại học Cần Thơ
LEADER 00584nam a2200205Ia 4500
001 CTU_95393
008 210402s9999 xx 000 0 und d
082 |a 338.8 
082 |b T136 
100 |a 竹中征夫(たけなか ゆくお) 
245 0 |a 企業買収戦略 : 
245 0 |b M&Aによる新しい企業成長: Merger & acquisition 
245 0 |c 竹中征夫 
260 |a 東京 
260 |b ダイヤモンド社 
260 |c 1987 
650 |a Corporations 
650 |z Japan 
904 |i Ngoc 
980 |a Trung tâm Học liệu Trường Đại học Cần Thơ